000 00592nam a2200217Ia 4500
003 OSt
005 20220923212012.0
006 a|||||r|||| 00| 0
007 ta
008 Pun
024 _a146,059
037 _cTextual
040 _aARTS
_cARTS
_bPun
041 _2Pun
_aPun
082 _aY73(P153):351, 153K4
100 _aਦਲੇਰ, ਅਵਤਾਰ ਸਿੰਘ
_9156315
245 0 _aਪੰਜਾਬੀ ਲੋਕ ਗੀਤ
260 _c1962
942 _hY73(P153):351, 153K4
_cTEXL
_2CC
999 _c305370
_d305370